000 00597nam a22002057a 4500
005 20150331044801.0
008 070608s2004 caua 001 0 eng d
020 _a9780072253511
041 0 _aeng
080 _a004
100 1 _aLoney, Kevin.
245 1 0 _aOracle Database 10g :
_cKevin Loney.
260 _aEmeryville, Calif. :
_bMcGraw-Hill/Osborne,
_c2004.
300 _a1369 f. :
_bme il.;
_c24 cm. +
_e1 CD
505 2 _aIndex: f. 1331 - 1369
630 0 0 _aOracle (Computer file)
650 _aKompjuterat
650 _aBaza e të të dhënave
942 _2udc
_cBK
999 _c642
_d642